00373nam a2200181Ia 4500003000900000008004100009040001300050040001300063041000800076100002200084245002400106250001200130260001300142260000900155300001100164300001000175490000600185IT-RoPAU120407s9999 xx 000 0 und d aIT-RoPAU cIT-RoPAU aita aGiorgio Papasogli aVita di Don Orione  aTorino  aGribaudi c1974 a547 p. c21 cm v1